NBA Quiz Logos and Players - Statistics

General Stats
  • This quiz has been taken 382 times
  • The average score is 31 of 44
Answer Stats
Picture Answer % Correct
Chicago Bulls
97%
LeBron James
97%
New Orleans Pelicans
96%
Houston Rockets
95%
Los Angeles Lakers
95%
Utah Jazz
95%
Minnesota Timberwolves
91%
Allen Iverson
87%
Paul George
87%
Atlanta Hawks
79%
Toronto Raptors
79%
Golden State Warriors
78%
New York Knicks
76%
Phoenix Suns
76%
Charlotte Hornets
75%
Cleveland Cavaliers
75%
Denver Nuggets
75%
Oklahoma City Thunder
75%
Sacramento Kings
75%
Memphis Grizzlies
74%
Portland Trail Blazers
74%
Russell Westbrook
73%
Los Angeles Clippers
72%
Joel Embiid
71%
Boston Celtics
70%
Brooklyn Nets
70%
Indiana Pacers
70%
San Antonio Spurs
70%
Detroit Pistons
69%
Milwaukee Bucks
69%
Wilt Chamberlain
68%
Orlando Magic
67%
Washington Wizards
67%
Yao Ming
66%
Philadelphia 76ers
65%
Charles Barkley
63%
Rajon Rondo
61%
Kareem Abdul-Jabbar
60%
John Stockton
58%
Jason Kidd
57%
Ray Allen
54%
Oscar Robertson
45%
Dikembe Mutumbo
4%
Many Ginobili
0%
No matching quizzes found
Score Distribution
Percent of People with Each Score
Percentile by Number Answered
Your Score History
You have not taken this quiz